Welches Bundesland? #3 - Statistiken

Allgemein
  • Dieses Quiz wurde 106 mal gespielt
  • Das Durchschnittsergebnis liegt bei 9 aus 23
Antwortstatistiken
Hint Antwort % Korrekt
Alphabetisch letztes Bundesland Thüringen
94%
Hat 30 Großstädte Nordrhein-Westfalen
89%
Hier wollten die Stadtmusikanten hin – kamen aber nie an Bremen
83%
Hier liegt die Lüneburger Heide Niedersachsen
79%
Hier liegt das Zentrum des längsten U-Bahn-Netzes in Deutschland Berlin
68%
Hat im Dezember 2024 einen grünen Ministerpräsident Baden-Württemberg
64%
Hier liegt das Kraftfahrt-Bundesamt Schleswig-Holstein
54%
Hier liegt der Hauptsitz von Puma Bayern
51%
Hier wurde 1929 die kälteste Temperatur in Deutschland gemessen Bayern
50%
Hier liegt die berühmte Altstadt von Quedlinburg Sachsen-Anhalt
44%
Der höchste Berg ist die Wasserkuppe Hessen
39%
Hat die längste Küste Mecklenburg-Vorpommern
37%
Hier wurde Erich Honecker geboren Saarland
36%
Hier liegt das Gebäude, das die längste Bauzeit jemals hatte Nordrhein-Westfalen
35%
Hier liegt der größte eigene Ort, der Neustadt heißt Rheinland-Pfalz
32%
Hier liegt der höchste Berg der deutschen Mittelgebirge Baden-Württemberg
29%
Hier wurde 2019 ein neuer deutscher Hitzerekord aufgestellt Niedersachsen
12%
Hier werden Fernsehsendungen wie "Klein gegen Groß" und "Hart aber fair" produziert Berlin
11%
Hier wurde der erste Adventskranz benutzt Hamburg
11%
Hier liegen die meisten Nationalparks Mecklenburg-Vorpommern
8%
Waldreichstes Bundesland Rheinland-Pfalz
7%
Gewässerreichstes Bundesland Brandenburg
5%
Hier liegt das Zentrum des längsten S-Bahn-Netzes in Deutschland Sachsen
0%
Keine übereinstimmenden Quizze gefunden
Verteilung der Resultate
Anzahl Personen mit jedem Resultat
Perzentil nach korrekt beantworteten Fragen
Ihre Resultats-Entwicklung
Sie haben dieses Quiz noch nicht gespielt